Bruno Mars songs - Sudden Death - Statistics

General Stats
  • This quiz has been taken 1,071 times
  • The average score is 10 of 17
Answers on the Grid
Answers color-coded by a green-red scale on the quiz's grid according to % correct below.
Natalie
Finesse
Chimpanzee
Gorilla
Can't Stop The Feeling!
Cake By The Ocean
Somewhere in Brooklyn
Perm
Too Good To Say Goodbye
Versace On The Floor
Don't Go
When I Was Your Man
It Will Snow
Creep
Runaway Baby
Chunky
That's What I Like
Talking to The Sun
It Will Rain
Song 2
Ghost
Blood On The Dance Floor
Die For You
Just The Way You Are
Virtual Insanity
Locked Out Of Heaven
Treasure
Havana
Satisfaction
Calling All My Lovelies
The Lazy Song
Whatever
 
Answer Stats
Answer % Correct
Finesse
82%
When I Was Your Man
80%
That's What I Like
75%
Just The Way You Are
72%
The Lazy Song
72%
Locked Out Of Heaven
71%
Versace On The Floor
69%
Treasure
63%
Runaway Baby
61%
It Will Rain
56%
Gorilla
54%
Chunky
44%
Natalie
41%
Too Good To Say Goodbye
36%
Perm
35%
Somewhere in Brooklyn
34%
Calling All My Lovelies
28%
No matching quizzes found
Score Distribution
Percent of People with Each Score
Percentile by Number Answered
Your Score History
You have not taken this quiz